00730nam a2200217 i 4500003000900000005001700009007000300026008004100029020001800070040003000088082001300118100002800131245009900159264003600258300002900294336002700323337003400350338002800384500007100412504002900483DO-SdBNP20240628100239.0ta240628s2023 dr 000 j spa d a9789945633061 aDO-SdBNPbspacBNPHUerda bL8172221 aLockward, Angel,eautor10a...descendientes de haitianos :b¿Apátridas, indocumentados o ilegales? /cÁngel Lockward 1aSanto Domingo :bBúho,c2023. a129 páginas, c23 cm. 2rdacontentatextobtxt 2rdamediaasin mediación bn 2rdacarrieravolumenbnc aIncluye datos biografícos del autor en la solapa de la portada.  aBibliografía p: 85-89.